000
00203nam a22000857a 4500
999
_c
10976
_d
10976
008
180706b ||||| |||| 00| 0 eng d
100
_a
Johnson
_9
6774
245
_a
Sinbad
260
_a
New Delhi
_b
Campfire
_c
2016